000 00594nam a22001817a 4500
999 _c67309
_d67308
005 20230103145453.0
008 100716t xxu||||| |||| 00| 0 eng d
020 _a9788182645639
041 _aMalayalam
080 _a954.83=M
_bLOG
100 _aLogan, William
_912183
245 _aMalabarinte charithram
260 _aKozhikode
_bMathrubhumi Books
_c2008
300 _a490p.
653 _aHistory of Malabar
942 _cBK